| 000 | 00617nam a2200169 4500 | ||
|---|---|---|---|
| 003 | LK-CoMWRAF | ||
| 008 | 240309b2002 |||||||| |||| 00| 0 eng d | ||
| 040 |
_aLK-CoMWRAF _dLK-CoMWRAF _eLK-CoMWRAF |
||
| 041 | _aeng | ||
| 082 |
_a305.42 _bASI |
||
| 111 |
_aASIA PACIFIC FORUM ON WOMEN, LAW AND DEVELOPMENT _c( Chaingmai, Thailand _d4-5 November 1999) |
||
| 245 | _aWomen and decision making in South Asia and the Pacific | ||
| 260 |
_aChaingmal: _bAsia Pacific forum on women, law and development, _c2002 |
||
| 650 | _aFEMINISM-Decision making-South east Asia | ||
| 650 | _aFEMINISM-Decision making-Pacific | ||
| 942 | _cCP | ||
| 999 |
_c4850 _d4850 |
||